| 000 | 00478nam a2200181Ia 4500 | ||
|---|---|---|---|
| 008 | 240925s9999 xx 000 0 und d | ||
| 020 | _a8120316132 | ||
| 082 | _a005.133 LIB | ||
| 100 | _aLiberty, Jesse | ||
| 245 | 0 | _aC++ from Scratch | |
| 250 | _aNA | ||
| 260 |
_aNew Delhi: _bPrentice Hall _c,1999. |
||
| 300 |
_axx,810p. _bNA _fPirated |
||
| 500 | _aIncludes Index | ||
| 600 | _aComputer Science | ||
| 650 | _aComputer science, information & general works | ||
| 942 | _cBK | ||
| 999 |
_c6236 _d6236 |
||